載入...

Third world network: Earth summit briefings

書目詳細資料
格式: Printed Book
語言:English
出版: Malaysia, Third world network 1992
主題:
LEADER 005280000a22001810004500
015 |a M 
020 |a 083-9747-05-3 
041 |a eng 
082 |a 363.7 N2 
245 |a Third world network: Earth summit briefings 
260 |a Malaysia, Third world network 
260 |c 1992 
650 |a Developing countries 
650 |a Earth summit 
650 |a United Nations 
942 |c BK 
999 |c 137244  |d 137240 
952 |0 0  |1 0  |4 0  |6 363_700000000000000_N2  |7 0  |9 136026  |a SIRP  |b SIRP  |d 2017-10-05  |l 0  |o 363.7 N2  |p SIRP02328  |r 2017-10-05  |w 2017-10-05  |y BK